000 00861nam a2200241Ia 4500
003 OSt
005 20220923211057.0
006 a|||||r|||| 00| 0
007 ta
008 Pun
020 _a8177700936 (hbk)
_c150
024 _a238,208
037 _b236, 17/12/2008, N. R. Book Distributors
_cTextual
040 _aARTS
_cARTS
_bPun
041 _2Pun
_aPun
082 _aY73(P153):351, 153P3
100 _aਕੈਰੋ੍ਵ, ਜੋਗਿੰਦਰ ਸਿੰਘ
_9157924
245 0 _aਲੋਕ ਕਹਾਣੀਆਂ
260 _aਅੰਮ੍ਰਿਤਸਰ
_b ਗੁਰੂ ਨਾਨਕ ਦੇਵ ਯੂਨੀਵਰਸਿਟੀ
_c2003
300 _a142ਪੰ
_ccm.
942 _hY73(P153):351, 153P3
_cTEXL
_2CC
999 _c294881
_d294881